000 01323cam a2200325 a 4500
005 20260322212006.0
008 data
010 _a 94217523
020 _a0898156122 :
_c{dollar}14.95
020 _a9780898156126 :
_c{dollar}14.95
040 _aDLC
_cDLC
_dDLC
050 0 0 _aPN6231.C23
_bB86 1994
082 0 0 _a750
_220
092 _a750 Bus 1994
100 1 _aBusch, Heather.
245 1 0 _aWhy cats paint :
_ba theory of feline aesthetics /
_cHeather Busch & Burton Silver.
260 _aBerkeley, Calif. :
_bTen Speed Press,
_cc1994.
300 _a96 p. :
_bcol. ill. ;
_c28 cm.
504 _aIncludes bibliographical references (p. 96).
650 0 _aCats
_vHumor.
650 0 _aArt
_vHumor.
700 1 _aSilver, Burton.
856 4 2 _3Contributor biographical information
_uhttp://www.loc.gov/catdir/enhancements/fy0909/94217523-b.html
856 4 2 _3Publisher description
_uhttp://www.loc.gov/catdir/enhancements/fy0909/94217523-d.html
906 _a7
_bcbc
_corignew
_d2
_encip
_f19
_gy-gencatlg
922 _aco
955 _etc12 2010-01-05 Copy 2 to CALM
991 _bc-GenColl
_hSF446.5
_i.B87 1994
_p00027322268
_tCopy 1
_wBOOKS
001 data
999 _c101
_d101